MARC

LEADER 00000nam0a2200000 4500
001 283862
005 20231101235634.0
035 |a (RuTPU)RU\TPU\book\307999 
090 |a 283862 
100 |a 20150211d1979 k y0rusy50 ca 
101 0 |a rus 
102 |a RU 
105 |a a z 001zy 
200 1 |a Контактовые процессы и оруденение в габбро-перидотитовых интрузиях  |f Академия наук СССР (АН СССР), Сибирское отделение (СО), Бурятский филиал (БФ), Геологический институт ; под ред. Д. С. Коржинского; С. А. Гурулева; И. А. Зотова 
210 |a Москва  |c Наука  |d 1979 
215 |a 136 с.  |c ил. 
320 |a Библиография в конце глав. 
606 1 |a Горные породы, интрузивные  |2 stltpush  |3 (RuTPU)RU\TPU\subj\8116  |9 35602 
610 1 |a интрузивы 
610 1 |a генезис 
610 1 |a структура 
610 1 |a габброиды 
610 1 |a сульфуризация 
610 1 |a ксенолиты 
610 1 |a медно-никелевые руды 
610 1 |a контаминация 
610 1 |a сера 
610 1 |a изотопный состав 
675 |a 552.311  |v 3 
702 1 |a Коржинский  |b Д. С.  |4 340 
702 1 |a Гурулев  |b С. А.  |4 340 
702 1 |a Зотов  |b И. А.  |4 340 
712 0 2 |a Академия наук СССР  |b Сибирское отделение  |b Бурятский геологический институт  |c (Улан-Удэ)  |c (1973-1991)  |2 stltpush  |3 (RuTPU)RU\TPU\col\11435  |9 25093 
801 1 |a RU  |b 63413507  |c 20150211 
801 2 |a RU  |b 63413507  |c 20210813  |g RCR 
942 |c BK